000
00241nam a2200097Ia 4500
008
240331s9999 xx 000 0 und d
082
_b
COO
100
_a
Cooray, J.A.L
245
0
_a
Constitutional and administrative law of Sri Lanka
942
_c
L
999
_c
2783
_d
2783